000 00682nam a22001937a 4500
008 160922b xxu||||| |||| 00| 0 eng d
020 _a0072463317
082 _22004
_aDC 621.31924
_bA13f
100 _915116
_aAlexander, Charles K.
245 _aFundamentals of electric circuits/
_cCharles K. Alexander and Matthew N.O. Sadiku.
250 _a2nd edition
260 _aBoston:
_bMcGraw-Hill,
_cc2004.
300 _axviii, 904+various paging:
_billustrations;
_c25 cm.
500 _aIncludes appendices bibliographical references and index.
650 0 _915117
_aElectric circuits
700 _915118
_aSadiku, Matthew N.O.
_eAuthor
365 _b595.00
_cPhp
942 _2ddc
_cDC
999 _c4768
_d4768